| 000 | 00752cam a22001931 4500 | ||
|---|---|---|---|
| 082 |
_a102 _bGIB |
||
| 100 | 1 |
_aGibran, Kahlil, _910190 |
|
| 245 | 1 | 0 |
_aSpirits rebellious; _ctr. from the Arabic, and with an introd., by H. M. Nahmad. |
| 250 | _a[1st American ed.] | ||
| 260 |
_aLahore _bService Book Club _c1999. |
||
| 300 |
_aix, 121 p. _billus. _c16 cm. |
||
| 500 | _a"Illustrations ... reproduced from original drawings by the author." | ||
| 500 | _a"In a way, a continuation and extension of Gibran's Nymphs of the valley." | ||
| 505 | 0 | _aWardé al-Hani.--The cry of the graves.--The bridal couch.--Khalil the heretic. | |
| 526 |
_a0 _b0 _c0 _d102_000000000000000_GIB |
||
| 650 |
_aMCE _9379 |
||
| 700 | 1 |
_aNahmad, H. M., _940892 |
|
| 942 |
_2ddc _cBK |
||
| 999 |
_c545122 _d545122 |
||